| 000 | 00433nam a2200181Ia 4500 | ||
|---|---|---|---|
| 001 | 14626 | ||
| 005 | 20260306164928.0 | ||
| 008 | 260306t2013||||xx |||||||||||||| ||spa|| | ||
| 041 | _aESP | ||
| 082 |
_a515.35 _bP83 |
||
| 100 |
_aPozo Montero, Francesc _eAUT |
||
| 245 | 0 | _aMatemáticas para la ingeniería | |
| 260 | _c2013 | ||
| 300 |
_a762 páginas : _c25 cm. |
||
| 650 | _aGEN | ||
| 654 | _aCMA | ||
| 942 |
_cLIB _dJUS _fJUS _2ddc _n |
||
| 999 |
_c14626 _d14626 |
||